00334nam a22000977a 4500008004100000082001600041110003200057245009200089260004800181300000700229230621b xxu||||| |||| 00| 0 eng d a328.03bNAZ bNational Assembly of Zambia aParliamentary Procedure Abstract Series 8bOffice of the clerk of the National Assembly bNational Assembly Research Departmentc1995 a4p